Responses for Show #7242 - Tuesday, February 23, 2016

Contestants

[<< previous game]

Robin Heck, an I.T. security architect from Las Vegas, Nevada

Ben Yuhas, a research scientist from Evanston, Illinois

Tim Kutz, a data conversion manager from Ogden, Utah (whose 4-day cash winnings total $107,000)

[next game >>]

Jeopardy! Round responses

THE 1970s
(Alex: A good decade.)
RHYME TIME
1-WORD STEPHEN KING BOOK TITLES
STARS' REAL NAMES
HERE'S YOUR HAT
WHAT'S YOUR HURRY?
    $200 8
Denver

Tim
    $200 6
a mai tai

Ben
    $200 1
Carrie

Tim
    $200 14
Helen Mirren

Tim
    $200 26
ten gallon

Tim
    $200 20
a bullet train

Ben
    $400 9
Amtrak

Ben
    $400 7
a GoPro

Tim
    $1,000 2
Christine

Tim
    $400 15
Natalie Portman

Tim
    $400 27
a sombrero

Robin
    $400 21
Usain Bolt

Tim
    $600 13
(Robin: What is Guyana?)
...
(Alex: [*], yes. Next door.)

Suriname

BenRobin
    $600 10
Swiss Miss

Robin
    $600 3
Cujo

Tim
    $600 16
Vin Diesel

Tim
    $600 28
a pillbox

Tim
    $600 22
Chuck Yeager

Tim
    $800 19
Kent State

Ben
    $800 11
(Robin: Who is Lewis Carroll?)
...
(Alex: Remember, we're dealing with rhyme time. [*].)

Humpty Dumpty

Robin
Triple Stumper
    $800 4
Firestarter

Tim
    $800 17
Meg Ryan

Ben
    $800 29
an Easter bonnet

Robin
    $800 23
Lot

Ben
    $1000 25
the SALT agreements

Tim
    $1000 12
a meet-and-greet

Robin
    $1000 5
It

Ben
    $1000 18
(Robin: Who is Emilio Esteban?)

Martin Sheen

TimRobin
    $1000 30
a deerstalker

Tim
    $1000 24
jai alai

Tim

Scores at the first commercial break (after clue 15):

Tim Ben Robin
$3,800 $2,200 $200

Scores at the end of the Jeopardy! Round:

Tim Ben Robin
$10,200 $4,800 $400

Double Jeopardy! Round responses

BROADWAY DEBUTS
MYTHOLOGICAL BEASTS
BRITTANY
NEVER TOO OLD
CELEBRATIONS & GATHERINGS
"FY" ON YOU
    $400 26
Hamlet

Robin
    $400 11
a swan

Tim
    $400 16
an oyster

Tim
    $400 6
Grandma Moses

Tim
    $400 21
Oktoberfest

Ben
    $400 1
amplify

Tim
    $800 27
Andrew Garfield

Tim
    $800 12
Valhalla

Robin
    $800 17
the Queen Mary 2

Tim
    $2,000 7
(Tim: Who is Florence Nightingale?)
(Alex: No, who is [*]? We're in the Americas now.)

Clara Barton

Tim
    $800 25
a cotillion

Tim
    $800 2
crucify

Ben
    $1200 28
Cat on a Hot Tin Roof

Tim
    $1200 13
satyrs

Tim
    $1200 18
the Bay of Biscay

Tim
    $1200 8
Feinstein

Tim
    $1200 22
(Noah) Webster

Ben
    $1200 3
codify

Ben
    $1600 29
The King and I

Ben
    $1600 14
a gryphon

Ben
    $1600 19
Nantes

Robin
    $1600 9
Ireland

Triple Stumper
    $1600 23
the Feast of Our Lady of Guadalupe

Triple Stumper
    $1600 4
indemnify

Tim
    $2000 30
Pygmalion

Ben
    $2000 15
Horus

Tim
    $500 20
apple cider

Robin
    $2000 10
Pablo Casals

Triple Stumper
    $2000 24
the summer solstice

Tim
    $2000 5
emulsify

Triple Stumper

Scores at the end of the Double Jeopardy! Round:

Tim Ben Robin
$22,600 $13,600 $3,700

[wagering suggestions for these scores]

Final Jeopardy! Round responses

SHAKESPEARE
(Alex: And it had not been performed because they didn't want to offend the king, who was a little out of it.)
...
(Alex: [To Ben] The mad [*], and the mad King George III, who died in 1820.)
RobinWhat is Henry VIII
$500
BenWhat is King Lear?
$9,600
TimWhat is Macbeth
$5,000
King Lear

Final scores:

Tim Ben Robin
$17,600 $23,200 $3,200
2nd place: $2,000 New champion: $23,200 3rd place: $1,000

Game dynamics:

Coryat scores:

Tim Ben Robin
$24,000 $13,600 $5,200
31 R
(including 1 DD),
1 W
(including 1 DD)
15 R,
0 W
8 R
(including 1 DD),
3 W

Combined Coryat: $42,800

[game clues] [game scores] [suggest correction]

Game tape date: 2016-01-12
The J! Archive is created by fans, for fans. Scraping, republication, monetization, and malicious use prohibited; this site may use cookies and collect identifying information. See terms. The Jeopardy! game show and all elements thereof, including but not limited to copyright and trademark thereto, are the property of Jeopardy Productions, Inc. and are protected under law. This website is not affiliated with, sponsored by, or operated by Jeopardy Productions, Inc. Join the discussion at JBoard.tv.